[Event "Znojmo op-B"]
[Site "Znojmo"]
[Date "1997.??.??"]
[Round "?"]
[White "Hrabec, Karel"]
[Black "Kostrhoun, Petr"]
[Result "1-0"]
[WhiteElo "1750"]
[BlackElo "1640"]
[PlyCount "127"]
[EventDate "1997.??.??"]
[Source "ChessBase"]
[SourceDate "1997.11.17"]

1. e4 e5 2. Nf3 Nc6 3. Bc4 Bc5 4. c3 Nf6 5. d3 O-O 6. b4 Bd6 7. Bg5 h6 8. Bh4
Qe7 9. Qb3 Nd8 10. a4 c6 11. Nbd2 Bc7 12. d4 d6 13. O-O b6 14. Rae1 Bd7 15. Kh1
Kh8 16. h3 g5 17. Bg3 Nh5 18. Nh2 Ne6 19. dxe5 dxe5 20. Ng4 Nef4 21. Nf3 Bxg4
22. hxg4 Nxg3+ 23. fxg3 Ne6 24. Bxe6 Qxe6 25. Qxe6 fxe6 26. Rd1 Rad8 27. Kg1
Kg7 28. Kf2 Kf7 29. Ke2 Ke7 30. Rxd8 Rxd8 31. Rh1 Rg8 32. Rxh6 Bb8 33. Kd3 a6
34. c4 Bd6 35. Kc3 a5 36. b5 cxb5 37. axb5 Kf7 38. Rh7+ Kf6 39. Kb3 Re8 40.
Rh6+ Kg7 41. Rh5 Be7 42. Nxe5 Bd8 43. Rh1 Be7 44. Rd1 Rd8 45. Rxd8 Bxd8 46. Nc6
Bc7 47. e5 Kf7 48. Ka4 Ke8 49. Nd4 Kd7 50. Nf3 Bd8 51. Nd2 Be7 52. Ne4 Kc8 53.
c5 Kc7 54. c6 Kd8 55. Nf6 Kc8 56. Ne8 Bf8 57. Nf6 Be7 58. Ne4 Kc7 59. Nd2 Kc8
60. Nf3 Bd8 61. Nd4 Bc7 62. Nxe6 Bxe5 63. Nxg5 Bxg3 64. Ne4 1-0

[Event "Znojmo op-B"]
[Site "Znojmo"]
[Date "1997.??.??"]
[Round "?"]
[White "Korger, Petr"]
[Black "Hrabec, Karel"]
[Result "1/2-1/2"]
[WhiteElo "1695"]
[BlackElo "1750"]
[PlyCount "27"]
[EventDate "1997.??.??"]
[Source "ChessBase"]
[SourceDate "1997.11.17"]

1. e4 e5 2. Nf3 Nc6 3. Bc4 Be7 4. Nc3 Nf6 5. d3 d6 6. Nd5 Bg4 7. Nxe7 Qxe7 8.
Bg5 Nd4 9. c3 Nxf3+ 10. gxf3 Bh5 11. Rg1 h6 12. Bxf6 Qxf6 13. Rg3 g5 14. h3
1/2-1/2

[Event "Znojmo op-B"]
[Site "Znojmo"]
[Date "1997.??.??"]
[Round "?"]
[White "Kostrhoun, Petr"]
[Black "Boucek, Vlastimil"]
[Result "0-1"]
[WhiteElo "1640"]
[BlackElo "2015"]
[PlyCount "86"]
[EventDate "1997.??.??"]
[Source "ChessBase"]
[SourceDate "1997.11.17"]

1. e4 Nf6 2. d3 d5 3. exd5 Nxd5 4. Nf3 Bg4 5. Be2 c5 6. Bd2 Nc6 7. Nc3 Nc7 8.
Ne5 Bxe2 9. Qxe2 Nd4 10. Qd1 g6 11. O-O Bg7 12. Re1 O-O 13. Rb1 f6 14. Nf3 e5
15. Nxd4 cxd4 16. Ne4 f5 17. Ng3 Qd5 18. a3 Rfe8 19. f3 Rad8 20. Re2 h5 21. Bg5
Rd6 22. b3 Nb5 23. Bd2 Nxa3 24. Ra1 Nb5 25. Qe1 Rc8 26. Qd1 Rdc6 27. Ra2 a6 28.
Nh1 Kh7 29. Nf2 Bh6 30. Be1 Be3 31. Kf1 Bxf2 32. Kxf2 Qd6 33. Kg1 Nc7 34. Qc1
Nd5 35. Rd2 Nb4 36. Rb2 Qc7 37. Re2 Nxd3 38. Qb1 Nxb2 39. Qxb2 Rxc2 40. Rxc2
Qxc2 41. Qa3 Qc5 42. Qa4 d3+ 43. Kf1 Qb5 0-1

[Event "Znojmo op-B"]
[Site "Znojmo"]
[Date "1997.??.??"]
[Round "?"]
[White "Kostrhoun, Petr"]
[Black "Kuric, Michal"]
[Result "1/2-1/2"]
[WhiteElo "1640"]
[BlackElo "1710"]
[PlyCount "60"]
[EventDate "1997.??.??"]
[Source "ChessBase"]
[SourceDate "1997.11.17"]

1. e4 e6 2. d4 d5 3. exd5 exd5 4. Nf3 Bd6 5. Nc3 c6 6. Bd3 Ne7 7. O-O O-O 8.
Bg5 h6 9. Be3 Nf5 10. Bxf5 Bxf5 11. Ne2 Nd7 12. Qd2 Nf6 13. Ng3 Bxg3 14. hxg3
Ne4 15. Qb4 Qb6 16. Qxb6 axb6 17. Rfe1 f6 18. Bf4 Rfe8 19. a3 Kf7 20. Nh4 Bh7
21. f3 g5 22. fxe4 gxf4 23. gxf4 Rxe4 24. Rxe4 Bxe4 25. c3 Rg8 26. Kf2 c5 27.
Rd1 h5 28. g3 Re8 29. Rd2 c4 30. Re2 b5 1/2-1/2

[Event "Znojmo op-B"]
[Site "Znojmo"]
[Date "1997.??.??"]
[Round "?"]
[White "Kuric, Michal"]
[Black "Hadac, Pavel Jr"]
[Result "0-1"]
[WhiteElo "1710"]
[BlackElo "1695"]
[PlyCount "36"]
[EventDate "1997.??.??"]
[Source "ChessBase"]
[SourceDate "1997.11.17"]

1. e4 e5 2. Nf3 Nc6 3. Nc3 Nf6 4. Bc4 Bc5 5. h3 d6 6. Nd5 a6 7. Nxf6+ Qxf6 8.
c3 O-O 9. O-O Qg6 10. d3 Bxh3 11. Ng5 Bd7 12. Qb3 Nd8 13. a4 h6 14. Nxf7 Nxf7
15. Qxb7 Bh3 16. Bxf7+ Rxf7 17. Qxa8+ Kh7 18. g3 Qxg3+ 0-1

[Event "Znojmo op-B"]
[Site "Znojmo"]
[Date "1997.??.??"]
[Round "?"]
[White "Kuric, Michal"]
[Black "Hrabec, Karel"]
[Result "1-0"]
[WhiteElo "1710"]
[BlackElo "1750"]
[PlyCount "93"]
[EventDate "1997.??.??"]
[Source "ChessBase"]
[SourceDate "1997.11.17"]

1. e4 e5 2. Nf3 Nc6 3. Nc3 Nf6 4. Bc4 Be7 5. d3 d6 6. Nd5 Bg4 7. c3 O-O 8. h3
Be6 9. Nxe7+ Nxe7 10. Bxe6 fxe6 11. Qb3 Qc8 12. O-O c6 13. Re1 Ng6 14. a4 Qd7
15. Bd2 Nh5 16. Ng5 Rf6 17. g3 h6 18. Qd1 Nxg3 19. fxg3 hxg5 20. Bxg5 Rff8 21.
Qh5 Nh8 22. Rf1 g6 23. Qh4 Qh7 24. Qg4 Rae8 25. Rxf8+ Kxf8 26. Rf1+ Kg8 27. Rf6
Qh5 28. Qxh5 gxh5 29. Rh6 Nf7 30. Rxh5 Nxg5 31. Rxg5+ Kh7 32. h4 Rf8 33. Kg2
Rf6 34. g4 Rf4 35. h5 Rf6 36. Kg3 b6 37. d4 Rf7 38. dxe5 d5 39. exd5 cxd5 40.
Rg6 Re7 41. Kf4 a6 42. Kg5 b5 43. axb5 axb5 44. Kf6 Ra7 45. Kxe6 b4 46. Kxd5
bxc3 47. bxc3 1-0

[Event "Znojmo op-B"]
[Site "Znojmo"]
[Date "1997.??.??"]
[Round "?"]
[White "Kuric, Michal"]
[Black "Korger, Petr"]
[Result "1-0"]
[WhiteElo "1710"]
[BlackElo "1695"]
[PlyCount "49"]
[EventDate "1997.??.??"]
[Source "ChessBase"]
[SourceDate "1997.11.17"]

1. e4 e5 2. Nf3 Nc6 3. Nc3 Nf6 4. Bc4 h6 5. O-O Bb4 6. d3 d6 7. Nd5 Nxd5 8.
Bxd5 Ne7 9. Bb3 Bg4 10. h3 Bh5 11. c3 Ba5 12. d4 Bxf3 13. Qxf3 O-O 14. dxe5
dxe5 15. Rd1 Qe8 16. Qg3 Ng6 17. Qxg6 Kh8 18. Qf5 Rd8 19. Be3 f6 20. Rxd8 Qxd8
21. Rd1 Qe8 22. Bc5 g6 23. Qf3 f5 24. Bxf8 Qxf8 25. exf5 1-0